| 000 | 00344nam a22001337a 4500 | ||
|---|---|---|---|
| 020 | _qPB. | ||
| 040 | _cFIZZA ISHAQ | ||
| 082 |
_a570.285 _bWIN |
||
| 100 |
_aSUNG,KIN WING. _9111023 |
||
| 245 |
_aALGORITHMS FOR NEXT GENERATION SEQUENCING / _cWING KIN SUNG. |
||
| 260 |
_aNEW YORK ; _bCRC PRESS, _c2017. |
||
| 300 | _a347 P. ; | ||
| 942 |
_2ddc _cBK |
||
| 999 |
_c594036 _d594036 |
||